Responses for show #3926 - Monday, October 1, 2001

(Jimmy: I'm Jimmy on the 18th at Porter Valley Country Club. A swinging episode of Jeopardy!--next!)

Contestants

Janna Marshall, a direct marketing consultant from Middleton, Wisconsin

Damian Kokinda, an analyst for the Secret Service from Washington, D.C.

Rohan Virginkar, a recent college graduate from Diamond Bar, California (whose 1-day cash winnings total $8,000)

Jeopardy! Round responses

(Alex: A lot of people have been wondering what happened to my mustache, so we're going to have a whole category about that; it's called...)
WHERE DID MY MUSTACHE GO?
COWBOY TALK
LADIES & GENTLEMEN, MILLARD FILLMORE!
FIRST NAME'S THE SAME
TIME FOR A ROUND OF GOLF
(Alex: Mostly with our Clue Crew.)
ODD NUMBER, PLEASE
    $100 1
Pat Sajak

Janna
    $100 6
corral

Rohan
    $100 26
vice president

Janna
    $100 11
Bo

Damian
    $100 21
bogey

Rohan
    $100 16
5

Rohan
    $200 2
Mexico

Rohan
    $200 7
chuck wagon

Damian
    $200 27
first-class postage stamp

Rohan
    $200 12
Mary

Rohan
    $200 22
Dwight D. Eisenhower

Rohan
    $200 17
9

Damian
    $300 3
Hillary Clinton

Damian
    $300 8
boot hill

Rohan
    $300 28
California

Rohan
    $300 13
Charlie

Damian
    $300 23
hook

Janna
    $300 18
11

Damian
    $400 4
Mars

Rohan
    $400 9
(Rohan: What is a saddle?)

saddle horn

RohanJanna
    $800 29
Whigs

Rohan
    $400 14
(Damian: What is Gary?)

Mike

RohanDamian
    $400 24
Augusta

Triple Stumper
    $400 19
7

Rohan
    $500 5
Jesse Ventura

Janna
    $500 10
(Jenna: What is Colt?)

Derringer

DamianJanna
    $500 30
(Damian: What is Albany?)

Buffalo

Damian
Triple Stumper
    $500 15
Barney

Janna
    $500 25
Mulligan

Rohan
    $500 20
13

Damian

Scores at the first commercial break (after clue 15):

Rohan Damian Janna
$1,200 $1,000 $1,000

Scores at the end of the Jeopardy! Round:

Rohan Damian Janna
$3,800 $1,500 $1,400

Double Jeopardy! Round responses

HOUSE & GARDEN
(Alex: Celebrating 100 years--the magazine, of course.)
MUSTN'T SEE TV
LITERARY SUBTITLES
(Alex: We'll give you the subtitle; you give us the literary work.)
STARTS & ENDS WITH "A"
HAYDN
SIKH
    $200 17
solar power

Damian
    $200 6
Chevy Chase

Janna
    $200 11
Moby Dick

Damian
    $200 1
Alan Alda

Triple Stumper
    $200 16
puberty (his voice changed)

Damian
    $200 26
hair

Rohan
    $400 18
autumn

Rohan
    $400 7
Dr. Laura Schlessinger

Rohan
    $400 12
(Rohan: What is As You Like It?)

Twelfth Night

RohanJanna
    $400 2
Abracadabra

Damian
    $400 22
(Rohan: What is a minute waltz?)
(Janna: What is "The Symphony of the Hours"?)

"Clock Symphony"

RohanJanna
Triple Stumper
    $600 19
1950s

Rohan
    $600 8
My So-Called Life

Janna
    $600 13
Frankenstein

Triple Stumper
    $600 3
agoraphobia

Janna
    $600 23
Paris

Triple Stumper
    $600 27
Indira Gandhi

Rohan
    $800 20
Alfred Hitchcock

Janna
    $800 9
Married... with Children

Damian
    $800 14
Uncle Tom's Cabin

Janna
    $800 4
Avila

Damian
    $800 24
Wolfgang Amadeus Mozart

Janna
    $800 29
[The end-of-round signal sounds.]

guru

Rohan
    $1000 21
(Damian: Who is Brecht?)
....
(Alex: We have a minute to go.)

Walter Gropius

Damian
Triple Stumper
    $1000 10
(Rohan: What is 7th Heaven?)

Nothing Sacred

Rohan
Triple Stumper
    $1000 15
Middlemarch

Triple Stumper
    $1,000 5
the Alabama

Damian
    $1000 25
Sturm und Drang

Janna
    $1000 28
Punjab

Rohan

Scores at the end of the Double Jeopardy! Round:

Rohan Damian Janna
$6,000 $4,100 $6,200

[wagering suggestions for these scores]

Final Jeopardy! Round responses

WORLD LEADERS
(Alex: He traveled to Cuba to screen the film for him.)
DamianWho is Dulles
$4,100
RohanWho is McNamara?
$5,000
JannaWho is Fidel Castro?
$2,500
Fidel Castro

Final scores:

Rohan Damian Janna
$1,000 $0 $8,700
2nd place: Trip to Aruba Sonata Beach Resort 3rd place: Trip to Calistoga Oasis Spa & Hotel New champion: $8,700

Game dynamics:

Coryat scores:

Rohan Damian Janna
$5,600 $4,100 $6,200
21 R
(including 1 DD),
4 W
15 R
(including 1 DD),
3 W
14 R
(including 1 DD),
2 W

Combined Coryat: $15,900

The J! Archive is created by fans, for fans. The Jeopardy! game show and all elements thereof, including but not limited to copyright and trademark thereto, are the property of Jeopardy Productions, Inc. and are protected under law. This website is not affiliated with, sponsored by, or operated by Jeopardy Productions, Inc. Join the discussion at JBoard.tv.